[Event "Int.Vellmar 9th op B"]
[Site "Vellmar"]
[Date "2017.07.15"]
[Round "5.33"]
[White "Maar, Felicitas"]
[Black "Krausse, Vanessa"]
[Result "0-1"]
[WhiteElo "1461"]
[BlackElo "1619"]
[PlyCount "104"]
[EventDate "2017.07.13"]
[EventType "swiss"]
[EventRounds "7"]
[EventCountry "GER"]

1. e4 c5 2. Nc3 d6 3. f4 Nc6 4. Nf3 Nf6 5. Bc4 g6 6. d3 Bg7 7. O-O O-O 8. Qe1
a6 9. a3 b5 10. Ba2 b4 11. Nd1 bxa3 12. bxa3 Rb8 13. Bb2 Qc7 14. Rb1 Bg4 15.
Bb3 Na5 16. Bc3 Nxb3 17. cxb3 Rb7 18. Rf2 Rfb8 19. Rfb2 Bxf3 20. gxf3 e6 21.
Qh4 Nh5 22. Bxg7 Kxg7 23. Ne3 Qa5 24. Nc4 Qc3 25. Nxd6 Qd4+ 26. Kh1 Qxd6 27. e5
Qxd3 28. Qg4 Rxb3 29. Rxb3 Rxb3 30. Rxb3 Qxb3 31. Qg1 Qxf3+ 32. Qg2 Qxg2+ 33.
Kxg2 Nxf4+ 34. Kf3 Nd5 35. Ke4 c4 36. Kd4 c3 37. Kd3 Kh6 38. Kc2 Kg5 39. Kd3
Kf5 40. h3 Kxe5 41. h4 f5 42. a4 f4 43. Ke2 Ke4 44. a5 f3+ 45. Kd1 f2 46. Ke2
c2 47. Kd2 f1=Q 48. Kxc2 Qd3+ 49. Kc1 Qe2 50. Kb1 Nc3+ 51. Kc1 Kd3 52. h5 Qc2#
0-1

[Event "Int.Vellmar 9th op B"]
[Site "Vellmar"]
[Date "2017.07.15"]
[Round "5.34"]
[White "Schulz, Christian"]
[Black "Wiedemann, Thilo"]
[Result "0-1"]
[WhiteElo "1416"]
[BlackElo "1616"]
[PlyCount "96"]
[EventDate "2017.07.13"]
[EventType "swiss"]
[EventRounds "7"]
[EventCountry "GER"]

1. Nf3 d5 2. g3 Bf5 3. Bg2 c5 4. d3 Nc6 5. Nbd2 Nf6 6. b3 e6 7. Bb2 Be7 8. O-O
O-O 9. Nh4 d4 10. Nxf5 exf5 11. a4 Nd5 12. Re1 Bf6 13. Nc4 Re8 14. e4 fxe4 15.
Rxe4 Nc3 16. Rxe8+ Qxe8 17. Qe1 Qd7 18. Bxc6 bxc6 19. Bxc3 Re8 20. Qf1 dxc3 21.
Re1 Re6 22. Rxe6 Qxe6 23. Ne3 Bd4 24. Qe2 f5 25. Kf1 Bxe3 26. Qxe3 Qxe3 27.
fxe3 Kf7 28. Ke2 Ke6 29. d4 Kd5 30. Kd3 cxd4 31. exd4 g5 32. Ke3 f4+ 33. gxf4
gxf4+ 34. Kxf4 Kxd4 35. Kf3 a5 36. Ke2 c5 37. h3 c4 38. b4 axb4 39. a5 b3 40.
cxb3 cxb3 41. Kd1 Kc5 42. a6 Kb6 43. Kc1 Kxa6 44. Kb1 Ka5 45. h4 Ka4 46. h5 Ka3
47. h6 b2 48. Kc2 Ka2 0-1

[Event "Int.Vellmar 9th op B"]
[Site "Vellmar"]
[Date "2017.07.15"]
[Round "5.38"]
[White "Seelemann, Thomas"]
[Black "Tschepanski, Helmut"]
[Result "1/2-1/2"]
[WhiteElo "1656"]
[BlackElo "1539"]
[PlyCount "93"]
[EventDate "2017.07.13"]
[EventType "swiss"]
[EventRounds "7"]
[EventCountry "GER"]

1. e4 e6 2. d4 d5 3. Nd2 Nc6 4. Bb5 Bd7 5. Bxc6 Bxc6 6. e5 Ne7 7. Ndf3 Nf5 8.
Ne2 Be7 9. O-O Nh4 10. Nxh4 Bxh4 11. g3 Be7 12. Nc3 O-O 13. Qg4 f5 14. Qe2 a6
15. f4 Bb4 16. Qe3 Be8 17. Ne2 Bh5 18. Bd2 Be7 19. a4 a5 20. b3 b6 21. Rf2 Qe8
22. c4 dxc4 23. bxc4 Qc6 24. Qd3 Be8 25. Nc3 Rd8 26. Be3 Bb4 27. Nb5 Rf7 28.
Rc2 Qb7 29. Qe2 Bc6 30. Nc3 Bf3 31. Qf2 Rfd7 32. h3 Bh5 33. Na2 Be7 34. Rb1 Rb8
35. c5 Qc8 36. cxb6 Qe8 37. Rc6 cxb6 38. Rbxb6 Rxb6 39. Rxb6 Rc7 40. Rb5 Qg6
41. Kh2 Bd1 42. Rb2 Bxa4 43. Qd2 Qe8 44. Qxa5 Qd7 45. Qa8+ Kf7 46. Qf3 Bc6 47.
Qf1 1/2-1/2

[Event "Int.Vellmar 9th op B"]
[Site "Vellmar"]
[Date "2017.07.15"]
[Round "5.39"]
[White "Ross, Heinrich"]
[Black "Barchfeld, Peter"]
[Result "1/2-1/2"]
[WhiteElo "1482"]
[BlackElo "1607"]
[PlyCount "47"]
[EventDate "2017.07.13"]
[EventType "swiss"]
[EventRounds "7"]
[EventCountry "GER"]

1. d4 d5 2. c4 c6 3. e3 Nf6 4. Nc3 e6 5. c5 Nbd7 6. Nf3 Qc7 7. Be2 Be7 8. Bd2
O-O 9. b4 e5 10. dxe5 Nxe5 11. h3 Nxf3+ 12. Bxf3 Bf5 13. O-O Rfd8 14. Ne2 Be4
15. Nd4 Bxf3 16. Nxf3 Ne4 17. Qc2 Bf6 18. Rad1 Rd7 19. Nd4 Nxd2 20. Rxd2 g6 21.
Nf3 a6 22. Rfd1 Re8 23. a3 Rde7 24. g3 1/2-1/2

[Event "Int.Vellmar 9th op B"]
[Site "Vellmar"]
[Date "2017.07.15"]
[Round "5.40"]
[White "Tiggemann, Felix"]
[Black "Pabst, Olaf"]
[Result "0-1"]
[WhiteElo "1502"]
[BlackElo "1610"]
[PlyCount "61"]
[EventDate "2017.07.13"]
[EventType "swiss"]
[EventRounds "7"]
[EventCountry "GER"]

1. e4 d5 2. exd5 Nf6 3. d4 Qxd5 4. c4 Qe4+ 5. Be2 Bf5 6. Nf3 Nc6 7. Nc3 Qg4 8.
Ne5 Qxd4 9. Nxc6 Qxd1+ 10. Bxd1 bxc6 11. Bf4 O-O-O 12. Bf3 Bd7 13. Rd1 e6 14.
O-O h6 15. Rd2 Bb4 16. Rd3 Rhg8 17. Rfd1 Be7 18. a3 g5 19. Be3 c5 20. h3 h5 21.
Ne4 Nxe4 22. Bxe4 f5 23. Bf3 g4 24. hxg4 hxg4 25. Be2 Bd6 26. b4 Rh8 27. g3 Bc6
28. f3 gxf3 29. Bf1 Be8 30. Rb3 Bxg3 31. Bf2 0-1

[Event "Int.Vellmar 9th op B"]
[Site "Vellmar"]
[Date "2017.07.15"]
[Round "5.41"]
[White "Neumann, Peter Eduard"]
[Black "Pohl, Rolf Dieter"]
[Result "1-0"]
[WhiteElo "1576"]
[BlackElo "1487"]
[PlyCount "81"]
[EventDate "2017.07.13"]
[EventType "swiss"]
[EventRounds "7"]
[EventCountry "GER"]

1. Nf3 g6 2. e4 Bg7 3. d3 c6 4. g3 d6 5. Bg2 Qb6 6. O-O Bxb2 7. Be3 c5 8. Nbd2
Bxa1 9. Qxa1 e5 10. Nc4 Qc7 11. h3 f6 12. Nh2 Nc6 13. f4 b5 14. Nd2 a6 15. fxe5
Nxe5 16. Ndf3 Kf7 17. Nxe5+ dxe5 18. Nf3 Kg7 19. Qd1 b4 20. Nh4 Be6 21. g4 Ne7
22. g5 Rhf8 23. Rxf6 Rxf6 24. gxf6+ Kxf6 25. Bh6 Ng8 26. Qf1+ Ke7 27. Bg5+ Kd6
28. Nf3 Bxa2 29. Qa1 Bf7 30. Nxe5 Be6 31. Bf4 Qb7 32. Nxg6+ Kc6 33. Ne5+ Kb5
34. c4+ Kb6 35. Nf3 Rf8 36. Be3 Qc7 37. e5 Qg7 38. Bxc5+ Kb7 39. Ng5+ Kb8 40.
Bd6+ Ka7 41. Qd4# 1-0

[Event "Int.Vellmar 9th op B"]
[Site "Vellmar"]
[Date "2017.07.15"]
[Round "5.42"]
[White "Rapp, Leonard"]
[Black "Kotliarevski, Dennis"]
[Result "0-1"]
[WhiteElo "1479"]
[BlackElo "1568"]
[PlyCount "64"]
[EventDate "2017.07.13"]
[EventType "swiss"]
[EventRounds "7"]
[EventCountry "GER"]

1. e4 c5 2. Nf3 d6 3. d4 cxd4 4. Nxd4 Nf6 5. Nc3 g6 6. Be3 Bg7 7. Qd2 O-O 8.
O-O-O Nc6 9. Nxc6 bxc6 10. e5 Nd5 11. Nxd5 cxd5 12. Qxd5 Be6 13. Qd2 Rb8 14. b3
a5 15. exd6 a4 16. Bd4 axb3 17. cxb3 Bxd4 18. Qxd4 exd6 19. Qxd6 Qg5+ 20. Qd2
Qe5 21. Qd4 Qg5+ 22. f4 Qa5 23. Qb2 Rfc8+ 24. Kb1 Rc2 25. Kxc2 Bxb3+ 26. Kb1
Bxa2+ 27. Kc1 Qc5+ 28. Kd2 Rxb2+ 29. Kd3 Qc2+ 30. Ke3 Qxd1 31. Ke4 Rb4+ 32. Ke5
Qd4# 0-1

[Event "Int.Vellmar 9th op B"]
[Site "Vellmar"]
[Date "2017.07.15"]
[Round "5.44"]
[White "Moderow, Manuel"]
[Black "Kroemer, Alexander"]
[Result "0-1"]
[WhiteElo "1133"]
[BlackElo "1566"]
[PlyCount "86"]
[EventDate "2017.07.13"]
[EventType "swiss"]
[EventRounds "7"]
[EventCountry "GER"]

1. e4 e5 2. Nf3 Nc6 3. Bb5 a6 4. Bxc6 dxc6 5. O-O Bd6 6. d4 Bg4 7. dxe5 Bxf3 8.
Qxf3 Bxe5 9. Nc3 Qf6 10. Qxf6 Nxf6 11. Bd2 O-O 12. f3 Rfd8 13. Rad1 Rd6 14. Be1
Rad8 15. Rxd6 cxd6 16. b3 d5 17. exd5 cxd5 18. Ne2 h6 19. Bg3 Bxg3 20. Nxg3 Rc8
21. Rf2 g6 22. Rd2 Kf8 23. Ne2 Ke7 24. Nf4 g5 25. Ne2 Kd6 26. c4 Rc5 27. Kf2
Ke5 28. cxd5 Nxd5 29. g3 Nc3 30. Nxc3 Rxc3 31. Ke2 f5 32. Rd3 Rc2+ 33. Rd2
Rxd2+ 34. Kxd2 Kd4 35. h3 h5 36. a3 b6 37. b4 b5 38. g4 fxg4 39. fxg4 hxg4 40.
hxg4 Ke4 41. Ke2 Kf4 42. Kf2 Kxg4 43. Kg2 Kf4 0-1

[Event "Int.Vellmar 9th op B"]
[Site "Vellmar"]
[Date "2017.07.15"]
[Round "5.45"]
[White "Skopp, Jonathan"]
[Black "Wolter, Kerstin"]
[Result "0-1"]
[WhiteElo "1178"]
[BlackElo "1694"]
[PlyCount "40"]
[EventDate "2017.07.13"]
[EventType "swiss"]
[EventRounds "7"]
[EventCountry "GER"]

1. d4 d5 2. Bf4 e6 3. e3 Nf6 4. Bd3 Be7 5. Nf3 O-O 6. Nbd2 Nbd7 7. Ne5 c5 8. c3
Re8 9. h4 h5 10. g4 Nxe5 11. dxe5 Nxg4 12. Nf3 d4 13. exd4 cxd4 14. cxd4 Qd5
15. Rg1 Bb4+ 16. Ke2 Bd7 17. Ng5 Nh6 18. Nf3 Nf5 19. Bxf5 {Remis Angebot} exf5
20. Ke3 Qe4# 0-1

[Event "Int.Vellmar 9th op B"]
[Site "Vellmar"]
[Date "2017.07.15"]
[Round "5.46"]
[White "Janovskij, Konstantin"]
[Black "Breiter, Juergen"]
[Result "1/2-1/2"]
[WhiteElo "1335"]
[BlackElo "1685"]
[PlyCount "67"]
[EventDate "2017.07.13"]
[EventType "swiss"]
[EventRounds "7"]
[EventCountry "GER"]

1. e4 e5 2. Nc3 Nf6 3. Nf3 d6 4. Bc4 h6 5. d4 exd4 6. Nxd4 a6 7. O-O Be7 8. Be3
Nbd7 9. Re1 O-O 10. Qe2 Ne5 11. Bb3 c5 12. Nf5 Be6 13. Bxe6 fxe6 14. Nxe7+ Qxe7
15. Rad1 Nfg4 16. h3 Nxe3 17. fxe3 Rf6 18. Rf1 Raf8 19. Rxf6 Rxf6 20. Rf1 Rxf1+
21. Qxf1 Qf7 22. Qxf7+ Kxf7 23. b3 b5 24. Kf2 g5 25. g4 Kf6 26. Ne2 d5 27. exd5
exd5 28. Ng3 Kg6 29. Nf5 Nc6 30. c3 a5 31. Ke2 h5 32. Kd2 hxg4 33. hxg4 Kf6 34.
Nd6 1/2-1/2

[Event "Int.Vellmar 9th op B"]
[Site "Vellmar"]
[Date "2017.07.15"]
[Round "5.47"]
[White "Kanbach, Moritz"]
[Black "Heinz, Friedrich"]
[Result "0-1"]
[WhiteElo "1258"]
[BlackElo "1669"]
[PlyCount "68"]
[EventDate "2017.07.13"]
[EventType "swiss"]
[EventRounds "7"]
[EventCountry "GER"]

1. e4 e5 2. Nf3 f5 3. Nc3 Nf6 4. d3 d6 5. Bg5 h6 6. Bxf6 Qxf6 7. Nd5 Qf7 8. Qd2
Nc6 9. Be2 Be6 10. Nb4 Bd7 11. a3 g5 12. O-O-O g4 13. Ne1 h5 14. f3 Bh6 15.
Nxc6 Bxd2+ 16. Rxd2 Bxc6 17. b3 O-O-O 18. h3 Bd7 19. d4 exd4 20. Rxd4 Qf6 21.
Rc4 Bb5 22. Rxc7+ Kxc7 23. Bxb5 Qa1+ 24. Kd2 Qxa3 25. Bd3 Qb4+ 26. Ke2 fxe4 27.
fxe4 Rhf8 28. hxg4 hxg4 29. Rh7+ Kb8 30. Rg7 Qb6 31. Rxg4 Rf2+ 32. Kd1 Qe3 33.
Be2 Rxe2 34. Rg8 Qd2# 0-1

[Event "Int.Vellmar 9th op B"]
[Site "Vellmar"]
[Date "2017.07.15"]
[Round "5.50"]
[White "Margraf, Dieter"]
[Black "Pessotschinski, Eduard"]
[Result "1/2-1/2"]
[WhiteElo "1496"]
[BlackElo "1187"]
[PlyCount "67"]
[EventDate "2017.07.13"]
[EventType "swiss"]
[EventRounds "7"]
[EventCountry "GER"]

1. d4 d5 2. Nf3 c5 3. e3 Nc6 4. c3 Bg4 5. Be2 Nf6 6. Nbd2 e6 7. h3 Bh5 8. Ne5
Bxe2 9. Qxe2 Nxe5 10. dxe5 Nd7 11. f4 Qh4+ 12. Qf2 Qxf2+ 13. Kxf2 c4 14. Nf3
Be7 15. b4 O-O 16. Nd4 a5 17. Bd2 axb4 18. cxb4 Ra4 19. a3 Rfa8 20. Nc2 f6 21.
Bc3 Kf7 22. Kf3 Kg6 23. g4 h5 24. Rhg1 h4 25. e4 fxe5 26. f5+ Kg5 27. Bd2+ Kf6
28. g5+ Kf7 29. g6+ Kf8 30. fxe6 Nf6 31. exd5 Nxd5 32. Ke4 Rd8 33. Raf1+ Ke8
34. Rf3 1/2-1/2

[Event "Int.Vellmar 9th op B"]
[Site "Vellmar"]
[Date "2017.07.15"]
[Round "5.54"]
[White "Helmer, Andreas"]
[Black "Eurich, Eva"]
[Result "1-0"]
[WhiteElo "1608"]
[BlackElo "1077"]
[PlyCount "45"]
[EventDate "2017.07.13"]
[EventType "swiss"]
[EventRounds "7"]
[EventCountry "GER"]

1. d4 d5 2. Nf3 Nc6 3. e3 Bf5 4. Bd3 e6 5. O-O Bd6 6. Re1 Nf6 7. b3 O-O 8. Nbd2
Re8 9. e4 dxe4 10. Nxe4 Nxe4 11. Bxe4 Bb4 12. Bd2 Bxd2 13. Qxd2 Bxe4 14. Rxe4
Qd5 15. Rg4 Qh5 16. Qf4 Qh6 17. Qxh6 Kf8 18. Qxg7+ Ke7 19. Ne5 Nxe5 20. Qxe5
Rad8 21. Qxc7+ Kf8 22. Re1 Re7 23. Qxd8+ 1-0

[Event "Int.Vellmar 9th op B"]
[Site "Vellmar"]
[Date "2017.07.15"]
[Round "5.55"]
[White "Schmechtig, Lucas"]
[Black "Fromm, Nick"]
[Result "1/2-1/2"]
[WhiteElo "1491"]
[BlackElo "1518"]
[PlyCount "88"]
[EventDate "2017.07.13"]
[EventType "swiss"]
[EventRounds "7"]
[EventCountry "GER"]

1. e4 e6 2. d4 d5 3. e5 c5 4. Nf3 Nc6 5. Bb5 Qb6 6. Bxc6+ bxc6 7. Nbd2 cxd4 8.
Nb3 c5 9. O-O Be7 10. Re1 f6 11. exf6 Nxf6 12. Qe2 O-O 13. Ng5 Re8 14. Bf4 Bd7
15. Rab1 Bd8 16. h3 Bb5 17. Qd2 Nd7 18. Nf3 Bf6 19. Bg5 e5 20. Bxf6 Qxf6 21.
Qg5 Qxg5 22. Nxg5 h6 23. Nf3 e4 24. Nfd2 a5 25. Nc1 e3 26. fxe3 dxe3 27. Nf1 d4
28. Nd3 c4 29. Nf4 g5 30. Ne2 d3 31. cxd3 cxd3 32. Nc3 e2 33. Nxb5 exf1=Q+ 34.
Rxf1 Re2 35. Nd4 Re4 36. Nf3 Ne5 37. Nxe5 Rxe5 38. Rbd1 Rd8 39. Rf3 d2 40. Kf1
Rc5 41. Rc3 Rxc3 42. bxc3 Rd3 43. Ke2 Rg3 44. Kf2 Rxc3 1/2-1/2

[Event "Int.Vellmar 9th op B"]
[Site "Vellmar"]
[Date "2017.07.15"]
[Round "5.56"]
[White "Lambrecht, Harald"]
[Black "Warren, Nigel"]
[Result "1-0"]
[WhiteElo "1422"]
[BlackElo "1218"]
[PlyCount "61"]
[EventDate "2017.07.13"]
[EventType "swiss"]
[EventRounds "7"]
[EventCountry "GER"]

1. d4 Nf6 2. c4 e6 3. Nc3 Bb4 4. Qc2 O-O 5. Bd2 b6 6. a3 Bxc3 7. Bxc3 Bb7 8. f3
d6 9. e4 Nbd7 10. e5 Ne8 11. Bd3 c5 12. Bxh7+ Kh8 13. Bd3 d5 14. h4 f6 15. exf6
Nexf6 16. O-O-O Re8 17. g4 Re7 18. h5 dxc4 19. Be4 Bxe4 20. fxe4 Nxg4 21. Qe2
cxd4 22. Rxd4 Nge5 23. h6 g6 24. Nf3 Nd3+ 25. Kb1 Rc8 26. Rxd7+ e5 27. Rxd8+
Rxd8 28. Qg2 Nf4 29. Qg5 Red7 30. Nxe5 Ne6 31. Nxd7+ 1-0

[Event "Int.Vellmar 9th op B"]
[Site "Vellmar"]
[Date "2017.07.16"]
[Round "6.1"]
[White "Davidov, Georgi"]
[Black "Lange, Martin"]
[Result "1-0"]
[WhiteElo "1872"]
[BlackElo "1853"]
[PlyCount "65"]
[EventDate "2017.07.13"]
[EventType "swiss"]
[EventRounds "7"]
[EventCountry "GER"]

1. e4 e6 2. d4 d5 3. e5 c5 4. c3 Nc6 5. Nf3 Qb6 6. a3 cxd4 7. cxd4 Nge7 8. Nc3
Nf5 9. Na4 Qd8 10. b4 Be7 11. Be2 Bd7 12. Nc5 b6 13. Nxd7 Qxd7 14. Bb5 O-O 15.
g4 Nh4 16. Nxh4 Bxh4 17. O-O Be7 18. Be3 a6 19. Bd3 Rfc8 20. f4 g6 21. f5 exf5
22. gxf5 Nd8 23. Kh1 Rc3 24. Rg1 Bf8 25. Qd2 Rc7 26. Rg3 b5 27. Rag1 Rc6 28.
Rh3 Qe8 29. Rg4 Be7 30. Qg2 Rac8 31. Qxd5 Rc3 32. fxg6 Qc6 33. gxh7+ 1-0

[Event "Int.Vellmar 9th op B"]
[Site "Vellmar"]
[Date "2017.07.16"]
[Round "6.2"]
[White "Lutz, Adam"]
[Black "Saoud, Mohamad Alhussein"]
[Result "1/2-1/2"]
[WhiteElo "1751"]
[BlackElo "1720"]
[PlyCount "45"]
[EventDate "2017.07.13"]
[EventType "swiss"]
[EventRounds "7"]
[EventCountry "GER"]

1. e4 c5 2. Nf3 Nc6 3. d4 cxd4 4. Nxd4 e5 5. Nb5 a6 6. Nd6+ Bxd6 7. Qxd6 Qf6 8.
Qd1 Qg6 9. Nc3 Nf6 10. f3 O-O 11. Be3 b5 12. a3 Bb7 13. Qd6 Rac8 14. O-O-O Rfe8
15. g4 Re6 16. Qd2 Ne7 17. h4 h5 18. gxh5 Qxh5 19. Be2 Qh7 20. Rdg1 d5 21. exd5
Nfxd5 22. Bd3 f5 23. Nxd5 1/2-1/2

[Event "Int.Vellmar 9th op B"]
[Site "Vellmar"]
[Date "2017.07.16"]
[Round "6.3"]
[White "Michels, Holger"]
[Black "Meyer, Marcel"]
[Result "0-1"]
[WhiteElo "1816"]
[BlackElo "1725"]
[PlyCount "70"]
[EventDate "2017.07.13"]
[EventType "swiss"]
[EventRounds "7"]
[EventCountry "GER"]

1. c4 c6 2. g3 d5 3. Bg2 Nf6 4. Nf3 Bf5 5. O-O e6 6. b3 Be7 7. Bb2 O-O 8. d3 h6
9. Nbd2 Nbd7 10. Re1 Qc7 11. Rc1 a5 12. d4 a4 13. c5 axb3 14. axb3 Ra2 15. Bc3
Rfa8 16. b4 Ne4 17. Nxe4 Bxe4 18. Nd2 Bg6 19. e4 dxe4 20. Bxe4 Bxe4 21. Nxe4
Qd8 22. Qf3 Nf6 23. Ra1 Nd5 24. Rab1 R8a3 25. Qd3 f5 26. Rbc1 fxe4 27. Qxe4 Qf8
28. Qxe6+ Qf7 29. Qc8+ Bf8 30. Qe6 Qxe6 31. Rxe6 Nxc3 32. Kg2 Ra1 33. Rc2 Rb1
34. Re3 Rbb3 35. f4 Nd5 0-1

[Event "Int.Vellmar 9th op B"]
[Site "Vellmar"]
[Date "2017.07.16"]
[Round "6.4"]
[White "Hilgert, Viktor"]
[Black "Gibhardt, Peter"]
[Result "1-0"]
[WhiteElo "1798"]
[BlackElo "1633"]
[PlyCount "105"]
[EventDate "2017.07.13"]
[EventType "swiss"]
[EventRounds "7"]
[EventCountry "GER"]

1. d4 Nf6 2. c4 e5 3. dxe5 Ng4 4. Nf3 Bc5 5. e3 Nc6 6. Be2 Ngxe5 7. a3 a5 8. b3
O-O 9. Bb2 Nxf3+ 10. Bxf3 Re8 11. O-O Ne5 12. Qe2 d6 13. Nc3 Nxf3+ 14. Qxf3 Bd7
15. Rad1 Bc6 16. Nd5 Qg5 17. Qg3 Qxg3 18. hxg3 Bxd5 19. Rxd5 g6 20. Rfd1 c6 21.
R5d3 Rad8 22. a4 Bb4 23. Bd4 d5 24. Bb6 Rd7 25. cxd5 c5 26. d6 Re4 27. Rd5 Re6
28. Bc7 f5 29. R1d3 Kf7 30. Kf1 Kf6 31. Ke2 Re4 32. f3 Re8 33. Rd1 Re6 34. Bb6
c4 35. bxc4 Rexd6 36. e4 fxe4 37. fxe4 Rxd5 38. cxd5 Ke5 39. Ke3 Kd6 40. Kd4
Rf7 41. e5+ Ke7 42. Rc1 Rf2 43. Rc7+ Ke8 44. Rxh7 Rxg2 45. Rh8+ Kd7 46. e6+ Ke7
47. Bc5+ Bxc5+ 48. Kxc5 Rxg3 49. Rh7+ Kf6 50. Rf7+ Ke5 51. e7 Rc3+ 52. Kb5 Rc8
53. Rf8 1-0

[Event "Int.Vellmar 9th op B"]
[Site "Vellmar"]
[Date "2017.07.16"]
[Round "6.6"]
[White "Wuttke, Bodo"]
[Black "Calci, Fiorino"]
[Result "1-0"]
[WhiteElo "1735"]
[BlackElo "1847"]
[PlyCount "67"]
[EventDate "2017.07.13"]
[EventType "swiss"]
[EventRounds "7"]
[EventCountry "GER"]

1. d4 Nf6 2. c4 d5 3. cxd5 Nxd5 4. e4 Nf6 5. Nc3 e6 6. Nf3 c5 7. Be2 Nc6 8. Bb5
Be7 9. O-O O-O 10. Bxc6 bxc6 11. Qa4 Qb6 12. dxc5 Bxc5 13. Qc2 Ba6 14. Rd1 Ng4
15. Na4 Bxf2+ 16. Kh1 Qb5 17. h3 Qh5 18. Bf4 Bb5 19. Rd6 Bb6 20. Nxb6 axb6 21.
b3 Nf6 22. Rad1 Qg6 23. Re1 Nd5 24. Ne5 Qf6 25. Bh2 Nb4 26. Qd2 c5 27. a4 Rfd8
28. axb5 Rxd6 29. Qxd6 Rd8 30. Qxb6 Nc2 31. Rc1 Qg5 32. Rxc2 Rd1+ 33. Bg1 h6
34. Qxc5 1-0

[Event "Int.Vellmar 9th op B"]
[Site "Vellmar"]
[Date "2017.07.16"]
[Round "6.7"]
[White "Rother, Wilfried"]
[Black "Schaefer, Gerhard"]
[Result "1-0"]
[WhiteElo "1890"]
[BlackElo "1695"]
[PlyCount "55"]
[EventDate "2017.07.13"]
[EventType "swiss"]
[EventRounds "7"]
[EventCountry "GER"]

1. e4 c5 2. Nf3 e6 3. d4 cxd4 4. Nxd4 a6 5. c4 Qc7 6. Nc3 Nc6 7. Be3 Nge7 8.
Be2 Ne5 9. Qb3 N7c6 10. Nxc6 Qxc6 11. f4 Ng6 12. O-O Bc5 13. Bxc5 Qxc5+ 14. Kh1
O-O 15. Na4 Qc6 16. Nb6 Rb8 17. Bd3 e5 18. Nd5 Qc5 19. f5 Ne7 20. Rac1 Nc6 21.
Bb1 Nd4 22. Qe3 a5 23. f6 Ne6 24. fxg7 Kxg7 25. Qg3+ Kh6 26. Rf6+ Kh5 27. Qf3+
Kh4 28. g3+ 1-0

[Event "Int.Vellmar 9th op B"]
[Site "Vellmar"]
[Date "2017.07.16"]
[Round "6.8"]
[White "Rueggeberg, Jan"]
[Black "Bakiev, Diyor"]
[Result "1-0"]
[WhiteElo "1845"]
[BlackElo "1610"]
[PlyCount "179"]
[EventDate "2017.07.13"]
[EventType "swiss"]
[EventRounds "7"]
[EventCountry "GER"]

1. e3 d5 2. b3 Nc6 3. Bb2 Nf6 4. Bb5 Bg4 5. Bxc6+ bxc6 6. f3 Bf5 7. d3 Bg6 8.
Nd2 e6 9. Nh3 Bd6 10. O-O O-O 11. Qe1 Nd7 12. f4 f6 13. e4 e5 14. f5 Bf7 15. g4
Bc5+ 16. Kh1 Re8 17. Nf3 h6 18. Qg3 Rb8 19. Rae1 a5 20. a4 Ba7 21. Bc1 Qe7 22.
Nf2 Bd4 23. h4 Bxf2 24. Rxf2 dxe4 25. dxe4 Qf8 26. g5 fxg5 27. hxg5 Bh5 28.
gxh6 Bxf3+ 29. Rxf3 Re7 30. Ba3 c5 31. f6 Re6 32. f7+ Kh8 33. hxg7+ Qxg7 34.
Qxg7+ Kxg7 35. Rg1+ Rg6 36. Rxg6+ Kxg6 37. Bxc5 Nf8 38. Ba3 Kg7 39. Bb2 Nd7 40.
Bc3 Ra8 41. f8=Q+ Nxf8 42. Bxe5+ Kh7 43. Rf7+ Kg6 44. Rg7+ Kh5 45. Bf6 Ne6 46.
Re7 Nf4 47. Rxc7 Kg4 48. Rd7 Kf3 49. e5 Rg8 50. Rd1 Nh3 51. Rd3+ Kf2 52. Bh4+
Kf1 53. Rf3+ Ke2 54. Rxh3 Rg4 55. Bg3 Kf3 56. e6 Re4 57. e7 Re2 58. Rh2 Rxe7
59. Bh4 Rd7 60. Rh3+ Kg4 61. Kg2 Rd2+ 62. Bf2 Rxc2 63. Rf3 Rb2 64. Rg3+ Kf4 65.
Rc3 Ke4 66. Kg3 Kd5 67. Bb6 Re2 68. Bxa5 Re8 69. Rf3 Rg8+ 70. Kf2 Kc6 71. Bc3
Rb8 72. b4 Ra8 73. b5+ Kb6 74. Rf4 Rc8 75. Bd2 Rc2 76. Rf6+ Kb7 77. Ke3 Rb2 78.
Bc3 Rb1 79. Kd4 Rd1+ 80. Kc5 Rd7 81. a5 Rc7+ 82. Rc6 Rh7 83. Be5 Rh5 84. Rc7+
Ka8 85. Re7 Rh1 86. Re8+ Ka7 87. b6+ Ka6 88. Ra8+ Kb7 89. Ra7+ Kc8 90. b7+ 1-0

[Event "Int.Vellmar 9th op B"]
[Site "Vellmar"]
[Date "2017.07.16"]
[Round "6.9"]
[White "Walkiewicz, Danny"]
[Black "John, Volkmar"]
[Result "0-1"]
[WhiteElo "1605"]
[BlackElo "1838"]
[PlyCount "40"]
[EventDate "2017.07.13"]
[EventType "swiss"]
[EventRounds "7"]
[EventCountry "GER"]

1. e4 e5 2. Nf3 Nc6 3. d4 exd4 4. Nxd4 Qh4 5. Qd3 Bc5 6. c3 Nf6 7. Nd2 d5 8. e5
Nxe5 9. Qb5+ Ned7 10. Qe2+ Ne4 11. g3 Qe7 12. Nf5 Qe5 13. Nxg7+ Qxg7 14. f3 O-O
15. fxe4 Re8 16. Bg2 Nf6 17. Nb3 Bg4 18. Qc2 Nxe4 19. Nxc5 Nxc5+ 20. Kf1 Re2
0-1

[Event "Int.Vellmar 9th op B"]
[Site "Vellmar"]
[Date "2017.07.16"]
[Round "6.10"]
[White "Schulze, Lukas"]
[Black "Thiel, Moritz"]
[Result "0-1"]
[WhiteElo "1439"]
[BlackElo "1785"]
[PlyCount "108"]
[EventDate "2017.07.13"]
[EventType "swiss"]
[EventRounds "7"]
[EventCountry "GER"]

1. Nf3 d5 2. c4 dxc4 3. Qa4+ Nc6 4. Qxc4 e5 5. g3 Nf6 6. Bg2 Be6 7. Qb5 a6 8.
Qa4 Qd7 9. O-O Be7 10. Ng5 Bd5 11. e4 b5 12. Qc2 Bc4 13. Re1 Nd4 14. Qd1 Bd3
15. Re3 Nc2 16. Rxd3 Qxd3 17. Bf1 Qd4 18. Qxc2 Bc5 19. d3 Ng4 20. Nh3 O-O 21.
Qe2 f5 22. Be3 Nxe3 23. fxe3 Qxe3+ 24. Qxe3 Bxe3+ 25. Kg2 Bc1 26. a4 fxe4 27.
dxe4 b4 28. Ra2 g5 29. Be2 {Remis Angebot} Rad8 30. b3 Rd4 31. Bc4+ Kg7 32. Re2
g4 33. Nf2 h5 34. Bxa6 Rf3 35. Rc2 Bg5 36. Rxc7+ Kf6 37. h3 Rxb3 38. hxg4 Rxb1
39. gxh5 Rd2 40. Bc4 Be3 41. Rf7+ Kg5 42. g4 Rxf2+ 43. Rxf2 Bxf2 44. Kxf2 Kxg4
45. Be2+ Kf4 46. a5 Ra1 47. a6 b3 48. h6 b2 49. Bd3 Rxa6 50. h7 Rh6 51. Ke2
Rxh7 52. Kd2 Rh2+ 53. Kc3 Rh3 54. Kxb2 Rxd3 0-1

[Event "Int.Vellmar 9th op B"]
[Site "Vellmar"]
[Date "2017.07.16"]
[Round "6.11"]
[White "Moderow, Ramon"]
[Black "Wagner, Andreas"]
[Result "0-1"]
[WhiteElo "1421"]
[BlackElo "1770"]
[PlyCount "78"]
[EventDate "2017.07.13"]
[EventType "swiss"]
[EventRounds "7"]
[EventCountry "GER"]

1. e4 c6 2. d4 d5 3. exd5 cxd5 4. Nf3 Bg4 5. Be2 Nf6 6. h3 Bf5 7. Ne5 Nfd7 8.
Bh5 Nxe5 9. dxe5 e6 10. Nd2 Qc7 11. Nf3 Qxc2 12. Qxc2 Bxc2 13. Ng5 Bb4+ 14. Bd2
Bxd2+ 15. Kxd2 Bg6 16. Be2 O-O 17. Rac1 Nc6 18. f4 Nd4 19. Bd3 f6 20. Nf3 Nxf3+
21. gxf3 Bxd3 22. Kxd3 fxe5 23. fxe5 Rxf3+ 24. Kd4 Rf4+ 25. Ke3 Raf8 26. Rc7
Rf3+ 27. Kd4 R8f4+ 28. Kc5 Rc4+ 29. Kd6 Rxc7 30. Kxc7 b5 31. Kd6 Kf7 32. Kc5
Rf2 33. Rb1 a6 34. Kb6 Kg6 35. Kxa6 b4 36. Kb5 Rf4 37. a4 bxa3 38. bxa3 Rf8 39.
a4 Rb8+ 0-1

[Event "Int.Vellmar 9th op B"]
[Site "Vellmar"]
[Date "2017.07.16"]
[Round "6.12"]
[White "Schloemer, Andreas"]
[Black "Ziegenfuss, Larissa"]
[Result "0-1"]
[WhiteElo "1716"]
[BlackElo "1673"]
[PlyCount "92"]
[EventDate "2017.07.13"]
[EventType "swiss"]
[EventRounds "7"]
[EventCountry "GER"]

1. c4 c5 2. g3 Nc6 3. Bg2 g6 4. Nc3 Bg7 5. d3 Nf6 6. e4 d6 7. Nge2 O-O 8. O-O
Bd7 9. h3 Rb8 10. Rb1 Qc8 11. Kh2 h6 12. a3 Nh7 13. f4 f5 14. b3 h5 15. h4 Nf6
16. Nd5 Ng4+ 17. Kh1 e6 18. Ne3 Kf7 19. Nxg4 hxg4 20. Bb2 Nd4 21. Nxd4 cxd4 22.
Qe2 Qc7 23. Rbe1 Kg8 24. e5 dxe5 25. fxe5 Qb6 26. b4 Bc6 27. Kg1 Bxg2 28. Qxg2
Bh6 29. Bc1 Bxc1 30. Rxc1 Qc7 31. Rce1 a5 32. Qb2 Rfd8 33. Rf4 axb4 34. axb4
Qc6 35. Ref1 Qd7 36. Rc1 Qc6 37. Kh2 g5 38. hxg5 Kg7 39. Qg2 Qb6 40. b5 Rh8+
41. Kg1 {Remis Angebot} Rh3 42. Qb2 Rbh8 43. Kf1 Rh1+ 44. Ke2 R1h2+ 45. Rf2
Rxf2+ 46. Kxf2 Rh2+ 0-1